000 00474nam a22001817a 4500
003 NUST - PNEC
005 20170116180840.0
008 150819b xxu||||| |||| 00| 0 eng d
020 _a-
040 _cLIBRARY
082 _a574.87 PFE
100 _95330
_aPfeiffer, John
245 _aThe Cell (Life Science Library)
_cJohn Pfeiffer
250 _a2nd ed.
260 _aHong-Kong:
_bTime Life Books
_cc1980.
650 _95331
_aLife, Biology
_xGeneral
942 _2ddc
_cBK
999 _c64387
_d64387